Southville International School and Colleges
Your cart is empty.
  • Cart
  • Lists
    Public lists Eva Luna New books Lux_list list_1
    Your lists Log in to create your own lists
  • Log in to your account
  • Your cookies
  • Search history
Southville International School and Colleges
  • Advanced search
  • Recent comments
  • Most popular
  • Libraries

Log in to your account

Log in with GOOGLE


If you do not have an external account, but do have a local account, you can still log in:

  1. Home
  2. MARC view: The politics of media policy /
Normal view MARC view ISBD view

The politics of media policy / (Record no. 24454)

[ view plain ]
MARC details
000 -LEADER
fixed length control field 00512nam a2200181 a 4500
005 - DATE AND TIME OF LATEST TRANSACTION
control field 20140310183523.0
008 - FIXED-LENGTH DATA ELEMENTS--GENERAL INFORMATION
fixed length control field 111110s19uu xx 00 eng d
020 ## - INTERNATIONAL STANDARD BOOK NUMBER
International Standard Book Number 9780745628424
050 ## - LIBRARY OF CONGRESS CALL NUMBER
Classification number P 95.8
Item number .F73 2008
100 ## - MAIN ENTRY--PERSONAL NAME
Personal name Freedman, Des
245 ## - TITLE STATEMENT
Title The politics of media policy /
Statement of responsibility, etc Des Freedman.
260 ## - PUBLICATION, DISTRIBUTION, ETC. (IMPRINT)
Place of publication, distribution, etc Cambridge :
Name of publisher, distributor, etc Polity,
Date of publication, distribution, etc 2008.
300 ## - PHYSICAL DESCRIPTION
Extent 264 p. :
Dimensions 23 cm.
650 ## - SUBJECT ADDED ENTRY--TOPICAL TERM
Topical term or geographic name as entry element Mass media
General subdivision Political aspects
650 ## - SUBJECT ADDED ENTRY--TOPICAL TERM
Topical term or geographic name as entry element Mass media
General subdivision Social aspects
942 ## - ADDED ENTRY ELEMENTS (KOHA)
Koha item type Books
Source of classification or shelving scheme Library of Congress Classification
Call number prefix Foreign
Holdings
Withdrawn status Lost status Source of classification or shelving scheme Damaged status Home library Current library Shelving location Date acquired Source of acquisition Total Checkouts Full call number Barcode Date last seen Price effective from Koha item type
    Library of Congress Classification   College Library College Library General Circulation Section 11/10/2011 Donation   P 95.8 .F73 2008 C12452 05/15/2018 03/10/2014 Books

The politics of media policy /

APA

Freedman D., . (2008). The politics of media policy. Cambridge: Polity.

Chicago

Freedman Des, . 2008. The politics of media policy. Cambridge: Polity.

Harvard

Freedman D., . (2008). The politics of media policy. Cambridge: Polity.

MLA

Freedman Des, . The politics of media policy. Cambridge: Polity. 2008.

  • Place hold
  • Print
  • Cite
  • Add to your cart (remove)
  • Save record
    BIBTEX Dublin Core MARCXML MARC (non-Unicode/MARC-8) MARC (Unicode/UTF-8) MARC (Unicode/UTF-8, Standard) MODS (XML) RIS
  • More searches
    Search for this title in:
    Other Libraries (WorldCat) Other Databases (Google Scholar) Online Stores (Bookfinder.com) Open Library (openlibrary.org)

Exporting to Dublin Core...

SOUTHVILLE LIBRARY

Southville International School and Colleges Library

1281 Tropical Ave. Cor. Luxembourg St., BF Homes International, Las Pinas City

Tel. No. 8256374 / 252358 Loc. 117/146

Powered by Koha